000 00532nam a2200133Ia 4500
008 220620s9999||||xx |||||||||||||| ||und||
022 _a21906629
100 _aWang, Limeng
245 0 _aImage Analysis and Evaluation of Cylinder Bore Surfaces in Micrographs
546 _aEnglish[eng]
650 _aimage processing||Bildverarbeitung||Kantendetektion||Mikrographhoning||micrograph||automated vision inspection||Honung||edge detection||Automatische Sichtprüfung
856 _uhttps://www.ksp.kit.edu/9783731502395
942 _cEB
999 _c34361
_d34361